Learn German animals - Statistics

General Stats
  • This quiz has been taken 15 times
  • The average score is 21 of 45
Answer Stats
English German / Deutsh % Correct
Dog Hund
92%
Cat Katze
92%
Horse Pferd
83%
Bear Bär
75%
Pig Schwein
75%
Rabit Kaninchen
67%
Cow Kuh
67%
Lion Löwe
67%
elephant Elefant
58%
A fly Fliege
58%
chicken Huhn
58%
Crocodile Krokodil
58%
Butterfly Schmetterling
58%
Tiger Tiger
58%
Zebra Zebra
58%
Bee Biene
50%
Koala Koala
50%
Sheep Schaf
50%
Snake Schlange
50%
Bird Vogel
50%
Wolf Wolf
50%
Goat Ziege
50%
Ant Ameise
42%
Duck Ente
42%
Fox Fuchs
42%
Giraffe Giraffe
42%
Kangaroo Känguru
42%
Octopus Oktopus
42%
Turtle Schildkröte
42%
Snail Schnecke
42%
Dolphin Delphin
33%
Lizard Eidechse
33%
Fish Fish
33%
rooster Hahn
33%
Ladybug Marienkäfer
33%
hippopotamus Nilpferd
33%
Swan Schwan
33%
seahorse Seepferdchen
33%
Shark Hai
25%
mosquito Moskito
25%
dragonfly Libelle
17%
Peacock Pfau
17%
Deer Reh
17%
Bull Stier
17%
Frog Frisch
8%
No matching quizzes found
Score Distribution
Percent of People with Each Score
Percentile by Number Answered
Your Score History
You have not taken this quiz